Villes du Midwest - Statistiques

Statistiques générales
  • Ce quiz a été pris 17 fois
  • Le résultat moyen est 17 sur 50
Statistiques - réponses
Ville Population (en 2020) État % Correct
Chicago 2 746 388 Illinois
100%
Detroit 639 111 Michigan
93%
Indianapolis 887 842 Indiana
93%
Kansas City 508 090 Missouri
87%
Kansas City 153 345 Kansas
87%
Minneapolis 429 954 Minnesota
87%
Cleveland 372 624 Ohio
73%
Milwaukee 577 222 Wisconsin
73%
Saint-Paul 311 527 Minnesota
73%
Cincinnati 309 317 Ohio
67%
Columbus 905 748 Ohio
67%
Des Moines 214 133 Iowa
67%
Saint-Louis 301 578 Missouri
60%
Omaha 486 051 Nebraska
53%
Springfield 169 576 Missouri
53%
Springfield 114 394 Illinois
53%
Fargo 125 990 Dakota du Nord
47%
Sioux Falls 192 517 Dakota du Sud
40%
Topeka 125 449 Kansas
40%
Wichita 396 192 Kansas
40%
Lansing 112 644 Michigan
33%
Lincoln 291 082 Nebraska
33%
Madison 269 840 Wisconsin
33%
Columbia 126 254 Missouri
27%
Toledo 270 871 Ohio
27%
Akron 190 469 Ohio
20%
Cedar Rapids 137 710 Iowa
20%
Dayton 137 644 Ohio
20%
Fort Wayne 263 886 Indiana
20%
Green Bay 107 395 Wisconsin
20%
Davenport 101 124 Iowa
13%
Grand Rapids 198 917 Michigan
13%
Peoria 113 150 Illinois
13%
Ann Arbor 123 851 Michigan
7%
Aurora 180 542 Illinois
7%
Evansville 117 298 Indiana
7%
Joliet 150 362 Illinois
7%
Naperville 149 540 Illinois
7%
Overland Park 197 726 Kansas
7%
Rochester 121 395 Minnesota
7%
Rockford 148 655 Illinois
7%
Clinton 100 513 Michigan
0%
Dearborn 109 976 Michigan
0%
Ergin 114 797 Illinois
0%
Independence 123 011 Missouri
0%
Lee's Summit 101 108 Missouri
0%
Olathe 145 616 Kansas
0%
South Bend 103 453 Indiana
0%
Sterling Heights 134 346 Michigan
0%
Warren 139 387 Michigan
0%
Aucun quiz correspondant
Distribution des résultats
% des personnes avec chaque résultat
Percentile par nombre de réponses
Votre historique - résultats
Vous n’avez pas pris ce quiz